| 000 | 00835nam a22002417a 4500 | ||
|---|---|---|---|
| 999 |
_c1205 _d1205 |
||
| 003 | AR-CdUCM | ||
| 008 | 190226b ||||| |||| 00| 0 spa d | ||
| 040 |
_aMUNICIPALIDAD PROVINCIAL DEL CUSCO _cBIBLIOTECA MUNICIPAL DEL CUSCO |
||
| 041 | _heng | ||
| 082 |
_a301.01 / _bN14 |
||
| 100 |
_aNadel, Siegfried Frederick _94712 |
||
| 245 | _aTeoría de la estructura social / | ||
| 260 |
_aMadrid : _bEds. Guadarrama, _c1966. |
||
| 300 |
_a239 páginas ; _bilustraciones ; _c22 cm, |
||
| 440 |
_aBiblioteca de Ciencias Humanas _n3 _94713 |
||
| 500 | _acon una biografía del autor por Meyer Fortes | ||
| 650 |
_aSociología estructural _94714 |
||
| 650 |
_aEtnología _91915 |
||
| 650 |
_aClases de comportamiento _94715 |
||
| 700 |
_aSacristán Luzón, Manuel (traductor) _94716 |
||
| 942 |
_2ddc _cLIBROS |
||
| 945 |
_araen _d2019-02-26 |
||